Normal view
MARC view
- Fundamentals Of Digital Logic With VHDL Design
Entry Topical Term
001 - CONTROL NUMBER
- control field: 84020
003 - CONTROL NUMBER IDENTIFIER
- control field: NUST
005 - DATE AND TIME OF LATEST TRANSACTION
- control field: 20211112150500.0
008 - FIXED-LENGTH DATA ELEMENTS
- fixed length control field: 211112|| aca||aabn | a|a d
040 ## - CATALOGING SOURCE
- Original cataloging agency: NUST
- Transcribing agency: NUST
150 ## - HEADING--TOPICAL TERM
- Topical term or geographic name entry element: Fundamentals Of Digital Logic With VHDL Design
670 ## - SOURCE DATA FOUND
- Source citation: Work cat.: (NUST)586695: Brown, Stephen 84019, Fundamentals Of Digital Logic With VHDL Design, 2002.
